|
|
|
|
| LEADER |
00000nam a22000007a 4500 |
| 005 |
20160510135413.0 |
| 007 |
cr|||| ||u| |
| 008 |
160510s2016 bl ||||| |||| 00||0 por d |
| 020 |
|
|
|a 978-85-361-8747-1
|
| 035 |
|
|
|a 14202
|
| 040 |
|
|
|a vLex
|
| 090 |
|
|
|c 6067
|d 6067
|
| 100 |
1 |
|
|a Casimiro Costa Filho, Armando
|
| 245 |
1 |
0 |
|a Consolidaȯ̂ das leis do trabalho
|h [Recurso electrn̤ico] /
|c Armando Casimiro Costa Filho
|
| 256 |
|
|
|a Servicio en ln̕ea
|
| 260 |
|
|
|a Brasil
|b LTR
|c 2016
|
| 300 |
|
|
|a 1 recurso electrn̤ico (46® Edicin̤. 1032 Pg̀inas)
|
| 506 |
1 |
|
|a Contenido solo disponible en los productos indicados
|d vLex Global
|d vLex Global (Academic Edition, excluding Law Schools)
|d vLex Global (U.S. Academic Edition, Law Schools)
|d vLex Global (U.S. Academic Edition, excluding Law Schools)
|d vLex Global (Academic Edition, Law Schools)
|
| 650 |
0 |
4 |
|a Law
|z Brasil
|
| 700 |
1 |
|
|a Casimiro Costa, Manoel
|
| 740 |
0 |
|
|a vLex libros (servicio en ln̕ea)
|
| 856 |
4 |
0 |
|u http://vlex.com/source/consolida-o-leis-trabalho-14202
|z Acceso restringido
|
| 942 |
|
|
|c BOOK
|